000 00668nam a2200193Ia 4500
005 20250508160212.0
008 008 250505s9999 xx 000 0 eng d
037 _aBooks to be hide in OPAC
040 _aFEDL
_beng
_cFEDL
041 _aeng
_2eng
084 _a370.73, UNI/O
_qFEDL
100 _aCook William A
_9768123
245 0 _aSchoolhouse sanitation: A study of the laws and regulations governing the hygiene and sanitation of schoolhouses
245 0 _cUnited States Bureau of Education
260 _aWashington, USA
_bU.S. Government Printing Office
_c1915
300 _a69p.
942 _cHB
_h370.73, UNI/O
999 _c1362623
_d1362623